000
00423nam a2200145Ia 4500
008
100122s9999 xx 000 0 und d
082
_b
67831
_a
821
100
_a
पाडगावकर मंगेश
245
_a
सूर आनंदघन
260
_b
मौज प्रकाशन
_c
2005
300
_a
65
630
_a
सूर आनंदघन
730
_a
सूर आनंदघन
942
_c
BOOK
999
_c
439663
_d
439660